Daňový poriadok - vybrané príklady z procesu (daňová prevencia - aj vybrané tabuizované otázky v širšom kontexte)

Vybrané príklady z daňovej praxe s akcentom na vysvetlenie niektorých systémovo-procesných, najkontroverznejších a zbytočne dlhodobo tabuizovaných otázok.

Salvato in:
Dettagli Bibliografici
Autore principale: Burák, Emil
Natura: Capitolo di libro
Lingua:slovacco
Soggetti:
Tags: Aggiungi Tag
Nessun Tag, puoi essere il primo ad aggiungerne!!

MARC

LEADER 00000naa a2200000 4500
001 0191143
005 20231207112720.4
041 0 |a slo 
044 |a SK 
245 1 0 |a Daňový poriadok - vybrané príklady z procesu  |b (daňová prevencia - aj vybrané tabuizované otázky v širšom kontexte)  |c Emil Burák 
520 |a Vybrané príklady z daňovej praxe s akcentom na vysvetlenie niektorých systémovo-procesných, najkontroverznejších a zbytočne dlhodobo tabuizovaných otázok. 
610 2 0 |a poriadok daňový 
610 2 0 |a prevencia 
610 2 0 |a úrady daňové 
610 2 0 |a Slovensko 
100 1 |a Burák, Emil